| 000 | 01291cam a2200229 4500 | ||
|---|---|---|---|
| 001 | l136324 | ||
| 008 | 070125n2006 000 0 eng u | ||
| 035 | _a(Sirsi) u136324 | ||
| 041 | 0 | _aeng | |
| 050 | 0 | 4 | _a333.33 $2 18 |
| 110 | 2 |
_aDonaldsons _93333 |
|
| 245 | 0 | 0 |
_aDonaldsons retail spotlight _bthird quarter 2006 _h[electronic resource] |
| 260 |
_aLondon _bDonaldsons _c2006 |
||
| 490 | 0 |
_aDonaldsons Retail Spotlight _vthird quarter 2006 |
|
| 505 | 1 | _aRetail sector summary -- High street shops -- Retail warehouses -- Shopping centres -- Sell the retail sector? | |
| 520 | _aReport that retail capital value growth dropped to under 11% per year during the third quarter 2006, offices returns to have slipped back to 23%, the rate of retail sales value growth to have topped retail rental value growth for the first time in two years, and out of town fashion parks yields to have fell to their lowest for at least five years. Predicts low Christmas sales for retailers, weakness in the retail sector and a mixed outlook for the warehouse sector. | ||
| 590 | _aKA | ||
| 651 | 4 |
_aUnited Kingdom _y |
|
| 690 | _aPROPERTY-COMMERCIAL PROPERTY-RETAIL PROPERTY | ||
| 856 | 4 | 0 |
_uhttps://www.donaldsons.co.uk/ _zView the item free of charge at http://www.donaldsons.co.uk... |
| 942 | _n0 | ||
| 999 |
_c106360 _d106360 |
||